Nutshell : (Record no. 4088)

MARC details
000 -LEADER
fixed length control field 01062nam a22002177a 4500
001 - CONTROL NUMBER
control field 4088
003 - CONTROL NUMBER IDENTIFIER
control field FISKH
005 - DATE AND TIME OF LATEST TRANSACTION
control field 20240608122923.0
008 - FIXED-LENGTH DATA ELEMENTS--GENERAL INFORMATION
fixed length control field 240606b cb ||||| |||| 00| 0 eng d
020 ## - INTERNATIONAL STANDARD BOOK NUMBER
International Standard Book Number 9781784705121
040 ## - CATALOGING SOURCE
Original cataloging agency FISKH
Language of cataloging eng
Transcribing agency FISKH
Modifying agency FISKH
Description conventions RDA
050 ## - LIBRARY OF CONGRESS CALL NUMBER
Classification number PR6063.C4
082 ## - DEWEY DECIMAL CLASSIFICATION NUMBER
Classification number 823.914
100 ## - MAIN ENTRY--PERSONAL NAME
Personal name McEwan, Ian
245 ## - TITLE STATEMENT
Title Nutshell :
Statement of responsibility, etc. Ian McEwan
260 ## - PUBLICATION, DISTRIBUTION, ETC.
Place of publication, distribution, etc. London :
Name of publisher, distributor, etc. Vintage,
Date of publication, distribution, etc. 2016
300 ## - PHYSICAL DESCRIPTION
Extent 199 pages :
Dimensions 18 cm
520 ## - SUMMARY, ETC.
Summary, etc. The story begins with the uncanny line: "So here I am, upside down in a woman"<br/><br/>"Trudy has betrayed her husband, John. She's still in the marital home--a dilapidated, priceless London townhouse--but John's not here. Instead, she's with his brother, the profoundly banal Claude, and the two of them have a plan. But there is a witness to their plot: the inquisitive, nine-month-old resident of Trudy's womb. Told from a perspective unlike any other, Nutshell is a classic tale of murder and deceit from one of the world's master storytellers"-- Library Thing
942 ## - ADDED ENTRY ELEMENTS (KOHA)
Source of classification or shelving scheme Dewey Decimal Classification
Koha item type Books
Suppress in OPAC No
Holdings
Withdrawn status Lost status Source of classification or shelving scheme Damaged status Not for loan Collection Home library Current library Shelving location Date acquired Total Checkouts Full call number Barcode Date last seen Price effective from Koha item type Public note
    Dewey Decimal Classification     Fiction Footprints International School Library Network Toul Kork Campus Footprints International School Library Network Toul Kork Campus A TK Campus, 4th Floor, Room B401, Fiction Bookcases (1-6) 06/06/2024   MCE 823.914 PR6063.C4 2024-0810 06/06/2024 06/06/2024 Books Donated by Open Book Library 1, Phnom Penh